000 00906cab a22002055a 4500
001 L146717
008 090219s2009 xxko f 000 0 eng d
035 _a(Sirsi) u146717
041 0 _aeng
100 1 _aPugalis, Lee
245 0 0 _aRegional governance and place-shaping
_ban evolving tripartite relationship
260 _c2009
490 _aTown & Country Planning
_v78(1) January 2009, 38-41(4)
520 _aIn this article the author looks at the origins and growth of the relationships between regional assemblies, regional development agencies and government offices at the regional level. The review is based around the political history of the UK and would be of interest to planners specialising in regional development.
590 _aKA
650 2 4 _aREGIONAL DEVELOPMENT AGENCIES ACT 1998
651 4 _aEngland and Wales
_y1543-
690 _aPlanning and development
_96259
942 _n0
999 _c81262
_d81262